000
00268nam a22000977a 4500
008
230426b |||||||| |||| 00| 0 eng d
020
_a
9781444955224
100
_a
Blyton Guid
_9
7607
245
_a
The Mystery of the Pantomime Cat
260
_a
London
_b
Hodder Childrens Books
999
_c
12282
_d
12282